University Home | Library Home | Institutional Repository

Geographical perspectives on development in Southern Africa : (Record no. 109479)

MARC details
000 -LEADER
fixed length control field 01083cam9a220025301 4500
001 - CONTROL NUMBER
control field lce02697759
005 - DATE AND TIME OF LATEST TRANSACTION
control field 20190819114845.0
008 - FIXED-LENGTH DATA ELEMENTS--GENERAL INFORMATION
fixed length control field 891211s1982 at eng
010 ## - LIBRARY OF CONGRESS CONTROL NUMBER
LC control number 89215252
020 ## - INTERNATIONAL STANDARD BOOK NUMBER
International Standard Book Number 1862527520
035 ## - SYSTEM CONTROL NUMBER
System control number (Sirsi) r48659
035 ## - SYSTEM CONTROL NUMBER
System control number (DLC) 89215252
035 ## - SYSTEM CONTROL NUMBER
System control number (UPRA)lce02697759
040 ## - CATALOGING SOURCE
Original cataloging agency DLC
Transcribing agency DLC
Modifying agency UPRA
050 00 - LIBRARY OF CONGRESS CALL NUMBER
Classification number MLCM 92/03511 (G)
110 2# - MAIN ENTRY--CORPORATE NAME
Subordinate unit Regional Conference d8.1..35.7 c8.1..43.15
Linkage A6717.1
245 10 - TITLE STATEMENT
Title Geographical perspectives on development in Southern Africa :
Remainder of title papers from the Regional Conference of the Commonwealth Geographic Bureau, Lusaka, 1982 /
Statement of responsibility, etc. edited by Geoffrey J. Williams and Adrian P. Wood.
260 ## - PUBLICATION, DISTRIBUTION, ETC.
Place of publication, distribution, etc. [Australia] :
Name of publisher, distributor, etc. Commonwealth Geographical Bureau at James Cook University of North Queensland, Australia,
Date of publication, distribution, etc. [1982]
500 ## - GENERAL NOTE
General note "Papers from the Regional Conference of the Commonwealth Geographical Bureau, Lusaka, 1982."--Cover.
700 1# - ADDED ENTRY--PERSONAL NAME
Personal name Williams, Geoffrey J.
Linkage A6718.1
700 1# - ADDED ENTRY--PERSONAL NAME
Personal name Wood, Adrian P.
Linkage A6719.1
949 ## - LOCAL PROCESSING INFORMATION (OCLC)
a MLCM 92/03511 (G)
w lcc
m MAIN
t BOOK
l ON-SHELF

No items available.

© 2026 - The University of Zambia Library - Koha v25.11